000 00562nam a2200181 a 4500
001 37300
005 20180714010202.0
008 140415s1998 mx 000 0 spa d
041 _aspa
082 _a370
_bLEO
100 1 _aLEON LOPEZ, E. G.
245 1 0 _aMANUEL BARTLETT DIAZ :
_bSINTESIS DE SU LABOR EDUCATIVA
260 _aMEXICO :
_bCENTRO INTERNACIONAL DE PROSPECTIVA Y ALTOS ES...,
_c1998
300 _a160
490 _aCOL.PUEBLA
500 _aCOLECCIÓN PUEBLA
650 1 4 _aDESCENTRALIZACION DE ESCUELAS
_xEDUCACION
_xMODERNIZACION
999 _c37300
_d37300